000 00449nam a2200193Ia 4500
008 170705s9999 xx 000 0 und d
020 _a9780439650731
245 4 _aThe mystery of Lord Sha /
245 _cErik L'Homme.
260 _aNew York :
260 _bScholastic,
260 _c2003
300 _a248 pages :
300 _bcolor illustration ;
300 _c19cm.
440 _aBook of the stars ;
440 _v2
500 _a900
999 _c336522
_d336522